000 00762cam a2200277 4500500
005 20260405003827.0
041 _afre
042 _adc
100 1 0 _aPerragin, Charles
_eauthor
245 0 0 _aReportage : face aux tensions, les policiers verbalisent
260 _c2024.
500 _a34
690 _aAutorité
690 _aCharles Perragin
690 _aCitoyen
690 _aÉmeute
690 _aForce
690 _aLiens
690 _aOrdre
690 _aPolice
690 _aReportage
690 _aSociologie
690 _aViolence
786 0 _nPhilosophie magazine | 177 | 3 | 2024-03-01 | p. 32-33 | 1951-1787
856 4 1 _uhttps://shs.cairn.info/magazine-philosophie-magazine-2024-3-page-32?lang=fr&redirect-ssocas=7080
999 _c2071214
_d2071214